00348pab a2200145 454500008004000000100002100040245003300061260000900094300000800103362001100111650002000122650001900142650002200161773001900183180718b1999 xxu||||| |||| 00| 0 eng d aMitra, Soumya K. aRecovery must hinge on trade c1999 ap.6 a13 Jun aEconomic reform aPublic finance aEconomic recovery aEconomic Times